00414nam a2200145Ia 450000500170000000800410001702000150005805000220007310000180009524500570011326000310017030000180020165000230021965000260024220231102150906.0120626s1986 mx 000 0 s d a9681817192 aQA303bA5318 1986 aAnton, Howard aCálculo y geometría analíticac / Howard Anton aMéxicob: Limusac, 1986 a562 páginas 0aCÁLCULO INTEGRAL 0aDERIVADASxINTEGRALES